Planning together : the art of effective teamwork
Αποθηκεύτηκε σε:
| Κύριος συγγραφέας: | |
|---|---|
| Άλλοι συγγραφείς: | |
| Μορφή: | Βιβλίο |
| Γλώσσα: | English |
| Δημοσίευση: |
London :
Bedford square,
1990
|
| Θέματα: | |
| Ετικέτες: |
Προσθήκη ετικέτας
Δεν υπάρχουν, Καταχωρήστε ετικέτα πρώτοι!
|
MARC
| LEADER | 00000nam a2200000 i 4500 | ||
|---|---|---|---|
| 001 | 1/42507 | ||
| 008 | 960209s1990 eng d | ||
| 020 | |a 0-7199-1202-4 | ||
| 035 | |l 10025604 | ||
| 040 | |a GR-MY-UA |b gre |e aacr | ||
| 041 | 0 | |a eng | |
| 082 | 0 | |a 658.4012 | |
| 100 | 1 | |a Gawlinski, George. | |
| 245 | 1 | 0 | |a Planning together : |b the art of effective teamwork / |c George Gawlinski, Lois Graessle |
| 260 | |a London : |b Bedford square, |c 1990 | ||
| 300 | |a 88 p. | ||
| 650 | 0 | 0 | |a Strategic planning. |
| 700 | 1 | |a Graessle, Lois. | |
| 852 | |a INST |b CHIOS |e 19960209 |h 658.4012 GAW |p 005200002661 |q 005200002661 |t BK |y 0 | ||
| 909 | |a Χ |b 028711 | ||